| 000 | 00411nam a2200145Ia 4500 | ||
|---|---|---|---|
| 008 | 230627s9999 xx 000 0 und d | ||
| 020 | _a81-7733-119-1 | ||
| 041 | _aeng | ||
| 082 |
_a346.07 _bPUL |
||
| 100 | _aPuliani R | ||
| 245 | _aManual Of Sebi : Act, Rules, Regulations, Guidelines, Circulars, Etc. | ||
| 250 | _a6ed. | ||
| 260 |
_aNew Delhi _bBharat Law House Pvt. Ltd. _c2003 |
||
| 700 | _a Puliani M., | ||
| 999 |
_c702594 _d702594 |
||